000 00596nam a2200217Ia 4500
005 20260429112225.0
008 260429s9999||||xx |||||||||||||| ||und||
020 _a9788119684953
041 _aEnglish
082 _a155.25
_bYAD
100 _aYadav, Munesh
245 0 _aPersonality development, motivation and leadership /
_cMunesh Yadav
260 _aJaipur :
_bBook Enclave,
_c2024.
300 _avii, 268 p.; hb
650 _a Individual psychology
650 _a Leadership
650 _a Personality development
650 _aPsychology
700 _a Singh, R.P.
942 _cTB
999 _c52983
_d52983